Italie - Villes métropolitaines - Statistiques

Statistiques générales
  • Ce quiz a été pris 83 fois
  • Le résultat moyen est 9 sur 15
Statistiques - réponses
Nb. de communes composant la ville métropolitaine Région de la ville métropolitaine Réponse % Correct
134 Lombardie Milan
99%
92 Campanie Naples
96%
44 Vénétie Venise
94%
316 Piémont Turin
91%
42 Toscane Florence
86%
82 Sicile Palerme
83%
56 Émilie-Romagne Bologne
76%
67 Ligurie Gênes
75%
41 Pouilles Bari
66%
71 Sardaigne Cagliari
56%
58 Sicile Catane
56%
108 Sicile Messine
26%
97 Calabre Reggio de Calabre
14%
66 (projet en cours) Sardaigne Sassari
10%
121 Latium Rome Capitale
3%
Aucun quiz correspondant
Distribution des résultats
% des personnes avec chaque résultat
Percentile par nombre de réponses
Votre historique - résultats
Vous n’avez pas pris ce quiz